000 00945nas a2200313 4500
001 BR0502378
003 BR-BrBNA
005 20231205105342.0
007 ta
008 230509b bl.|||p| |||| 00| 00por d
040 _aBR-BrBNA
_bpor
_cBiblioteca Nacional de Agricultura
041 _a(Pt)
072 _aE16
100 1 _aNeves, M.F.
100 1 _aLopes, F.F.
100 1 _aRossi, R.M.
100 1 _aMelo, P.A. de O.
245 1 _aMetodologias de análise de cadeias agroindustriais: aplicação para citros
650 _aFRUTA CÍTRICA
650 _aANÁLISE ECONÔMICA
650 _aSISTEMA DE PRODUÇÃO
650 _aINDÚSTRIA AGRÍCOLA
650 _aCADEIA PRODUTIVA
650 _aMÉTODO
650 _aSUPRIMENTO DE ALIMENTO
773 0 _tRevista Brasileira de Fruticultura (Brazil)
_xISSN 0100-2945
_g(Dec 2004), v. 26(3) p. 468-473
_wBR0502378
909 _a202311
_bLúcia
_c55
_dLúcia Elande
942 _2AGRIS
_n0
_cANA
999 _c182511
_d182511